| 000 | 00554pam a2200193 a 4500 | ||
|---|---|---|---|
| 001 | 3940398 | ||
| 005 | 20250328114724.0 | ||
| 008 | 930324s1994 ilua b 001 0 eng | ||
| 020 | _a0256057052 | ||
| 050 | 0 | 0 |
_aHD30.3 _b.A73 1994 |
| 082 | 0 | 0 |
_a658.4/5 _220 |
| 100 | 1 | _aArgenti, Paul A. | |
| 245 | 1 | 0 |
_aCorporate communication / _cPaul A. Argenti. |
| 260 |
_aBurr Ridge, Ill. : _bIrwin, _cc1994. |
||
| 300 |
_axix, 200 p. : _bill. ; _c24 cm. |
||
| 650 | 0 | _aCommunication in management. | |
| 650 | 0 | _aCommunication in organizations. | |
| 942 |
_2lcc _cBK _n0 |
||
| 999 |
_c5290 _d5290 |
||